000
00293nam a2200121Ia 4500
008
191201s2019 xx 000 0 und d
100
_a
ELMASRI, Ramez
245
0
_a
Fundamentals of Database Systems
260
_a
N. Delhi
_b
Pearson
300
_a
1143
650
_a
B.Tech(CSE)
942
_2
ddc
_c
BK
999
_c
6384
_d
6384